El Evangelio según San Marcos / (Record no. 176776)

MARC details
000 -LEADER
campo de control de longitud fija 00775nam a22002175i 4500
001 - NÚMERO DE CONTROL
campo de control 176776
003 - IDENTIFICADOR DE NÚMERO DE CONTROL
campo de control ES-MaACL
005 - FECHA Y HORA DE LA ÚLTIMA TRANSACCIÓN
campo de control 20240223190832.0
008 - DATOS DE LONGITUD FIJA--INFORMACIÓN GENERAL
campo de control de longitud fija 110209s1973 sp |||| | spa d
080 ## - NÚMERO DE LA CLASIFICACIÓN DECIMAL UNIVERSAL
Número de la Clasificación Decimal Universal 27-247.6
100 0# - ENTRADA PRINCIPAL--NOMBRE DE PERSONA
Nombre de persona Schnackenburg, Rudolf.
9 (RLIN) 104543
245 13 - MENCIÓN DEL TÍTULO
Título El Evangelio según San Marcos /
Mención de responsabilidad, etc. Rudolf Schnackenburg ; [versión castellana de Claudio Gancho].
260 ## - PUBLICACIÓN, DISTRIBUCIÓN, ETC.
Lugar de publicación, distribución, etc. Barcelona :
Nombre del editor, distribuidor, etc. Herder,
Fecha de publicación, distribución, etc. 1973.
300 ## - DESCRIPCIÓN FÍSICA
Extensión 2 v. ;
Dimensiones 20 cm.
490 1# - MENCIÓN DE SERIE
Mención de serie El Nuevo Testamento y su mensaje ;
Designación de volumen o secuencia 2/1-2/2
630 04 - PUNTO DE ACCESO ADICIONAL DE MATERIA--TÍTULO UNIFORME
Título uniforme Biblia.
Nombre de parte o sección de la obra N.T.
-- Evangelio según Marcos-
Subdivisión de forma Comentarios.
9 (RLIN) 139831
700 1# - ENTRADA AGREGADA--NOMBRE PERSONAL
Nombre de persona Gancho, Claudio
9 (RLIN) 53818
830 0# - PUNTO DE ACCESO ADICIONAL DE SERIE-TÍTULO UNIFORME
Título uniforme El Nuevo Testamento y su mensaje ;
Designación de volumen o secuencia 2/1-2/2
9 (RLIN) 190229
852 ## - LOCALIZACIÓN
Ubicación ES-MaACL
Número de control de estantería E-14249-50
Encuadernación Olim P-1830
Holdings
Estatus retirado Estado de pérdida Estado de daño No para préstamo Biblioteca de origen Biblioteca actual Ubicación en estantería Fecha de adquisición Fuente de adquisición Total de préstamos Signatura topográfica completa Código de barras Visto por última vez Precio de reemplazo Tipo de ítem Koha
        Biblioteca del Ateneo de Madrid Biblioteca del Ateneo de Madrid Depósito 2 09/02/2011     E-14249-50 1185668 23/02/2023 23/02/2023 Libro impreso